000 00253nam a2200097Ia 4500
008 190216s9999||||xx |||||||||||||| ||und||
100 _aNull
245 0 _aHindi-Ashirvad Samajik Adhyaban
260 _bNational Council Of Educational Research
942 _cBK
999 _c17115
_d17115